000 00877nas a2200277 4500
001 BR7901471
003 BR-BrBNA
005 20231205083649.0
007 ta
008 230509b bl.|||p| |||| 00| 00por d
040 _aBR-BrBNA
_bpor
_cBiblioteca Nacional de Agricultura
041 _a(Pt)
072 _aQ10; S10
100 1 _aLara, J.C.C. de
100 1 _aGalvao, L.A.
100 1 _aFigueiredo, I.B. de
245 1 _aObtencao de suco concentrado de laranja a partir de variedades precoces [Brasil]
650 _aCOMPOSICAO DE ALIMENTO
650 _aSUCO CONCENTRADO
650 _aLARANJA
650 _aINDUSTRIA ALIMENTICIA
650 _aANALISE DE ALIMENTO
773 0 _tBoletim do Instituto de Tecnologia de Alimentos (Brazil)
_xISSN 0336-0281
_g(Sep 1977), (no. 53) p. 81-91
_wBR7901471
909 _a202311
_bLúcia
_c55
_dLúcia Elande
942 _2AGRIS
_n0
_cANA
999 _c100414
_d100414